|
|
|
|
| LEADER |
01609nam a22004094a 4500 |
| 001 |
EBC3338516 |
| 003 |
MiAaPQ |
| 005 |
20200520144314.0 |
| 006 |
m o d | |
| 007 |
cr cn||||||||| |
| 008 |
040830s2005 mau sb 001 0 eng |
| 010 |
|
|
|z 2004058358
|
| 020 |
|
|
|z 0262240483 (alk. paper)
|
| 035 |
|
|
|a (MiAaPQ)EBC3338516
|
| 035 |
|
|
|a (Au-PeEL)EBL3338516
|
| 035 |
|
|
|a (CaPaEBR)ebr10173571
|
| 035 |
|
|
|a (CaONFJC)MIL209720
|
| 035 |
|
|
|a (OCoLC)939263563
|
| 040 |
|
|
|a MiAaPQ
|c MiAaPQ
|d MiAaPQ
|
| 043 |
|
|
|a n-us---
|
| 050 |
|
4 |
|a HD2741
|b .R475 2005
|
| 082 |
0 |
4 |
|a 658.4/08
|2 22
|
| 245 |
0 |
0 |
|a Restoring trust in American business
|h [electronic resource] /
|c edited by Jay W. Lorsch, Leslie Berlowitz, and Andy Zelleke.
|
| 246 |
1 |
|
|i Subtitle on p. [4] of cover:
|a Report of the American Academy of Arts and Sciences
|
| 260 |
|
|
|a Cambridge, Mass. :
|b American Academy of Arts and Sciences :
|b MIT Press,
|c c2005.
|
| 300 |
|
|
|a 184 p.
|
| 504 |
|
|
|a Includes bibliographical references and index.
|
| 533 |
|
|
|a Electronic reproduction. Ann Arbor, MI : ProQuest, 2015. Available via World Wide Web. Access may be limited to ProQuest affiliated libraries.
|
| 650 |
|
0 |
|a Corporate governance
|z United States.
|
| 650 |
|
0 |
|a Social responsibility of business
|z United States.
|
| 655 |
|
4 |
|a Electronic books.
|
| 700 |
1 |
|
|a Lorsch, Jay William.
|
| 700 |
1 |
|
|a Berlowitz, Leslie.
|
| 700 |
1 |
|
|a Zelleke, Andy.
|
| 710 |
2 |
|
|a American Academy of Arts and Sciences.
|
| 710 |
2 |
|
|a ProQuest (Firm)
|
| 856 |
4 |
0 |
|u https://ebookcentral.proquest.com/lib/matrademy/detail.action?docID=3338516
|z Click to View
|